Vplyv ročného zúčtovania poistného na daň z príjmov
Povinnosť platenia poistného na zdravotné poistenie. Ročné zúčtovanie poistného v zákone o zdravotnom poistení. Výsledok ročného zúčtovania poistného v zákone o dani z príjmov. Vysporiadanie výsledku ročného zúčtovania poistného zamestnanca. Vysporiadanie výsledku ročného zúčtovania poistného SZČO....
Uložené v:
| Hlavný autor: | |
|---|---|
| Médium: | Kapitola |
| Jazyk: | Slovak |
| Predmet: | |
| Tagy: |
Žiadne tagy, Buďte prvý, kto otaguje tento záznam!
|
MARC
| LEADER | 00000naa a2200000 4500 | ||
|---|---|---|---|
| 001 | 0194452 | ||
| 005 | 20231109104832.8 | ||
| 041 | 0 | |a slo | |
| 044 | |a SK | ||
| 245 | 1 | 0 | |a Vplyv ročného zúčtovania poistného na daň z príjmov |c Martina Oravcová |
| 520 | |a Povinnosť platenia poistného na zdravotné poistenie. Ročné zúčtovanie poistného v zákone o zdravotnom poistení. Výsledok ročného zúčtovania poistného v zákone o dani z príjmov. Vysporiadanie výsledku ročného zúčtovania poistného zamestnanca. Vysporiadanie výsledku ročného zúčtovania poistného SZČO. Vysporiadanie výsledku ročného zúčtovania poistného u príjmu z kapitálového majetku, z dividend. | ||
| 610 | 2 | 0 | |a poistenie zdravotné |
| 610 | 2 | 0 | |a preddavky |
| 610 | 2 | 0 | |a dane z príjmov |
| 610 | 2 | 0 | |a majetok |
| 610 | 2 | 0 | |a dividendy |
| 610 | 2 | 0 | |a zamestnanci |
| 610 | 2 | 0 | |a osoby samostatne zárobkovo činné |
| 610 | 2 | 0 | |a preplatky |
| 610 | 2 | 0 | |a nedoplatky |
| 100 | 1 | |a Oravcová, Martina | |